000 00709nam a2200289Ia 4500
005 20260324124829.0
008 008 260324s9999 xx 000 0 eng d
020 _a9780203858523
037 _aEBOOK
040 _aCRL
040 _beng
040 _cCRL
041 _2eng
041 _aeng
084 _qCRL
100 _aM. Ramesh; Eduardo Araral; Xun Wu
_91175658
245 0 _aReasserting the Public in Public Services
245 0 _bNew Public Management Reforms
260 _bTaylor and Francis
260 _c2010
365 _a
365 _b240
856 _uhttp://www.taylorfrancis.com/books/9780203858523
942 _cEBOOK
999 _c1770399
_d1770399